书目信息 |
| 题名: |
审美应用学
|
|
| 作者: | 罗筠筠 著 | |
| 分册: | ||
| 出版信息: | 北京 社会科学文献出版社 1998.08 |
|
| 页数: | 317页 | |
| 开本: | 20cm | |
| 丛书名: | 中国社会科学院青年学者文库 | |
| 单 册: | ||
| 中图分类: | B83-49 | |
| 科图分类: | ||
| 主题词: | 社会生活--美学--研究--中国 | |
| 电子资源: | ||
| ISBN: | 7-80050-539-1 | |
| 000 | 00721nam0 2200241 45 | |
| 001 | 0211111427 | |
| 005 | 20031219104100.0 | |
| 010 | @a7-80050-539-1@dCNY19.80 | |
| 100 | @a20021111d1998 km y0chiy0120 ea | |
| 101 | 0 | @achi |
| 105 | @a z 000yy | |
| 200 | 1 | @a审美应用学@AShen Mei Ying Yong Xue@f罗筠筠著@FLuo Jun Jun Zhu |
| 205 | @a2版 | |
| 210 | @a北京@c社会科学文献出版社@d1998.08 | |
| 215 | @a317页@d20cm | |
| 225 | @a中国社会科学院青年学者文库@f胡绳主编 | |
| 410 | @12001 @a中国社会科学院青年学者文库 | |
| 410 | @1700 0@a胡绳@AHu Sheng@4主编 | |
| 606 | 0 | @a社会生活@x美学@x研究@y中国 |
| 690 | @aB83-49@v4 | |
| 701 | 0 | @a罗筠筠@4著 |
| 801 | @aCN@bTSTC@c20021111 | |
| 905 | @b317091-100@dB83-49@e166=2@f10 | |
| 审美应用学/罗筠筠著.-2版.-北京:社会科学文献出版社,1998.08 |
| 317页;20cm.-(中国社会科学院青年学者文库/胡绳主编) |
| ISBN 7-80050-539-1:CNY19.80 |
| ● |
| 相关链接 |
|
|
|
|
正题名:审美应用学
索取号:B83-49/166=2
 
预约/预借
| 序号 | 登录号 | 条形码 | 馆藏地/架位号 | 状态 | 备注 |
| 1 | 0317091 | 203170914 | 密集书库/ [索取号:B83-49/166=2] | 在馆 | |
| 2 | 0317092 | 203170923 | 密集书库/ [索取号:B83-49/166=2] | 在馆 | |
| 3 | 0317093 | 203170932 | 密集书库/ [索取号:B83-49/166=2] | 在馆 | |
| 4 | 0317094 | 203170941 | 第一借阅区/ [索取号:B83-49/166=2] | 在馆 | |
| 5 | 0317095 | 203170950 | 第一借阅区/ [索取号:B83-49/166=2] | 在馆 | |
| 6 | 0317096 | 203170969 | 密集书库/ [索取号:B83-49/166=2] | 在馆 | |
| 7 | 0317097 | 203170978 | 密集书库/ [索取号:B83-49/166=2] | 在馆 | |
| 8 | 0317098 | 203170987 | 密集书库/ [索取号:B83-49/166=2] | 在馆 | |
| 9 | 0317099 | 203170996 | 第一借阅区/ [索取号:B83-49/166=2] | 在馆 | |
| 10 | 0317100 | 203171003 | 第一样本阅览室/ [索取号:B83-49/166=2] | 在馆 |